PUNTOS ESTRATEGICOS : (Registro nro. 45658)
[ vista simple ]
| 000 -LEADER | |
|---|---|
| fixed length control field | 01064nam a2200217 a 4500 |
| 001 - CONTROL NUMBER | |
| control field | 45658 |
| 005 - DATE AND TIME OF LATEST TRANSACTION | |
| control field | 20180714024936.0 |
| 008 - FIXED-LENGTH DATA ELEMENTS--GENERAL INFORMATION | |
| fixed length control field | 140415s1990 mx 000 0 spa d |
| 020 ## - INTERNATIONAL STANDARD BOOK NUMBER | |
| International Standard Book Number | 9684228104 |
| 041 ## - LANGUAGE CODE | |
| Language code of text/sound track or separate title | spa |
| 082 ## - DEWEY DECIMAL CLASSIFICATION NUMBER | |
| Classification number | 658.4 |
| Item number | KAM |
| 100 1# - MAIN ENTRY--PERSONAL NAME | |
| Personal name | KAMI, MICHAEL |
| 245 10 - TITLE STATEMENT | |
| Title | PUNTOS ESTRATEGICOS : |
| Remainder of title | COMO TOMAR DECISIONES TRES VECES MAS RAPIDAMENTE HACER INNOVACIONES MAS INTELIGENTES Y VENCER A LOS |
| 250 ## - EDITION STATEMENT | |
| Edition statement | 1a ed. |
| 260 ## - PUBLICATION, DISTRIBUTION, ETC. | |
| Place of publication, distribution, etc. | MEXICO : |
| Name of publisher, distributor, etc. | MC GRAW HILL INTERAMERICANA DE MEXICO, |
| Date of publication, distribution, etc. | 1990 |
| 300 ## - PHYSICAL DESCRIPTION | |
| Extent | 78 |
| Dimensions | 13.5 x 1.3 x 21 |
| 520 ## - SUMMARY, ETC. | |
| Summary, etc. | EN RESPUESTA A UNA ECONOMIA MUNDIAL DIRIGIDA POR FUERZAS IMPREDECIBLES, ESTE LIBRO LE DICE COMO POSICIONAR SU NEGOCIO PARA LA FLEXIBILIDAD Y LA ACTIVACION DE RESPUESTAS RAPIDAS AL CAMBIO, LAS CUALES ORIGINARAN BUENAS GANANCIAS. |
| 650 14 - SUBJECT ADDED ENTRY--TOPICAL TERM | |
| Topical term or geographic name entry element | ADMINISTRACION |
| General subdivision | CIENCIAS ADMINISTRATIVAS |
| -- | PROCESO ADMINISTRATIVO |
| -- | DIRECCION |
| 700 1# - ADDED ENTRY--PERSONAL NAME | |
| Personal name | LONDOÑO J., JUAN GONZALO |
| Relator term | tr. |
| 740 ## - ADDED ENTRY--UNCONTROLLED RELATED/ANALYTICAL TITLE | |
| Uncontrolled related/analytical title | TRIGGER POINTS: HOW TO MAKE DECISIONS THREE TIMES FASTER, INNOVATE SMARTER AND BEAT YOUR COMPETITION BY TEN PERCENT |
| Withdrawn status | Lost status | Source of classification or shelving scheme | Damaged status | Not for loan | Collection code | Home library | Current library | Shelving location | Date acquired | Source of acquisition | Inventory number | Total Checkouts | Total Renewals | Full call number | Barcode | Date last seen | Date last checked out | Price effective from | Koha item type |
|---|---|---|---|---|---|---|---|---|---|---|---|---|---|---|---|---|---|---|---|
| Dewey Decimal Classification | General | Biblioteca Karol Wojtyla | Biblioteca Karol Wojtyla | Sala general | 03/12/2013 | Compra | 151000000000000000014733 | 1 | 1 | 658.4 KAM | 68560 | 05/01/2026 | 07/03/2024 | 03/12/2013 | Libro |